000 00578nam a2200181Ia 4500
005 20250508153757.0
008 008 250505s9999 xx 000 0 eng d
037 _aTextual
040 _aFEDL
_beng
_cFEDL
041 _aeng
_2eng
084 _a373.942, RAW
_qFEDL
100 _aRawson Wyatt
_9764396
245 0 _aWerkplaats adventure: An account of Kees Boeke's great pioneer comprehensive school: Its methods and psychology
260 _aLondon, UK
_bVincent Stuart
_c1956
300 _a152p.
942 _cTEXL
_h373.942, RAW
999 _c1345435
_d1345435